000 00522nam a22002177a 4500
003 Nust
005 20210922143924.0
008 170207b xxu||||| |||| 00| 0 eng d
020 _a97881-317-32670
038 _akhadija
040 _cc
082 _a533.2
_bJOH
100 _aJohn, James
_982604
245 _aGas Dynamics /
_cJames John and Theo Keith
250 _a3rd ed.
260 _aNew Delhi :
_bDorling,
_c2010.
300 _a672 p. ;
_c24 cm.
500 _aPaperback.
563 _aPB
942 _cBK
_2ddc
999 _c32235
_d32235